000 00773nas a2200277 4500
001 BR2010001944
003 BR-BrBNA
005 20231205114017.0
007 ta
008 230509b bl.|||p| |||| 00| 00por d
040 _aBR-BrBNA
_bpor
_cBiblioteca Nacional de Agricultura
041 _a(Pt)
072 _aF01
100 1 _aAraldi, R.
100 1 _aSilva, F.M.L.
100 1 _aOno, E.O.
100 1 _aRodrigues, J.D.
245 1 _aFlorescimento em cana-de-açucar
650 _aCANA DE AÇUCAR
650 _aFLORAÇÃO
650 _aINDUÇÃO
650 _aREGULADOR DE CRESCIMENTO
773 0 _tCiência Rural (Brazil)
_xISSN 0103-8478
_g(Mar 2010), v. 40(3) p. 694-702
_wBR2010001944
909 _a202311
_bLúcia
_c55
_dLúcia Elande
942 _2AGRIS
_n0
_cANA
999 _c206703
_d206703